01412nam a2200361 i 450000100060000000300080000600500170001400600190003100700150005000800410006502000330010603500220013904000310016105000230019208000150021508200150023010000520024524501250029726400370042230000250045933600310048433700330051533800430054850400280059158800830061959001620070265000320086465500270089665500290092379700180095285600630097099900170103324835FINmELB20241216215755.0m o u cr cn|||||||||230210s2014 sp ob 000 0 spa d a9788416629138qelectrónico a(OCoLC)1370945891 aFINmELBbspaerdacFINmELB 4aHF5718b.S675 2014 a658.012.4504a658.452231 aSorlózano González, María José,eautor.10aAdministración y gestión de las comunicaciones de la dirección. ADGG0108 /cMaría José Sorlózano González. 1aMálaga :bIC Editorial,c2014. a1 recurso en línea atextobtxt2rdacontent/spa acomputadorabc2rdamedia/spa arecurso en líneabcr2rdacarrier/spa aIncluye bibliografía. aDescripción basada en metadatos suministrados por el editor y otras fuentes. aRecurso electrónico. Santa Fe, Arg.: elibro, 2023. Disponible vía World Wide Web. El acceso puede estar limitado para las bibliotecas afiliadas a elibro. 4aComunicación empresarial. 4aLibros electrónicos. 4aManuales de formación.2 aelibro, Corp.40uhttps://elibro.net/ereader/politecnicointernacional/221355 c24835d24835